Statistics for How many actresses can you name?

Click here to take the quiz!

General Stats

  • This quiz has been taken 32 times
  • The average score is 62 of 286

Answer Stats

Answer% Correct
Jennifer Aniston
73%
Audrey Hepburn
70%
Meryl Streep
70%
Sandra Oh
70%
Angelina Jolie
67%
Anne Hathaway
67%
Emma Roberts
67%
Julia Roberts
67%
Ming-Na Wen
67%
Jennifer Lawrence
63%
Demi Moore
60%
Emma Watson
60%
Julianne Moore
60%
Mandy Moore
60%
Emma Stone
57%
Sandra Bullock
57%
Sharon Stone
57%
Cate Blanchett
53%
Catherine Zeta-Jones
50%
Elizabeth Taylor
50%
Felicity Jones
50%
Geena Davis
50%
January Jones
50%
Kristin Davis
50%
Nicole Kidman
50%
Rashida Jones
50%
Reese Witherspoon
50%
Scarlett Johansson
50%
Viola Davis
50%
Zendaya
50%
Amy Adams
47%
Jennifer Garner
47%
Julia Garner
47%
Maggie Smith
47%
Natalie Portman
47%
Courtney Cox
43%
Florence Pugh
43%
Halle Berry
43%
Jamie King
43%
Jessica Chastain
43%
Joey King
43%
Margot Robbie
43%
Regina King
43%
Salma Hayek
43%
Winona Ryder
43%
Cameron Diaz
40%
Emily Blunt
40%
Emma Thompson
40%
Helena Bonham Carter
40%
Michelle Pfeiffer
40%
Ana De Armas
37%
Diane Keaton
37%
Drew Barrymore
37%
Gwyneth Paltrow
37%
Jenna Fischer
37%
Keira Knightley
37%
Kristen Bell
37%
Lucy Liu
37%
Mila Kunis
37%
Millie Bobby Brown
37%
Minka Kelly
37%
Penelope Cruz
37%
Tessa Thompson
37%
Uma Thurman
37%
Blake Lively
33%
Carrie Fisher
33%
Charlize Theron
33%
Elizabeth Olsen
33%
Gal Gadot
33%
Isla Fisher
33%
Jennifer Connelly
33%
Kirsten Dunst
33%
Maisie Williams
33%
Megan Fox
33%
Meg Ryan
33%
Rachel McAdams
33%
Saoirse Ronan
33%
Susan Sarandon
33%
Emilia Clarke
30%
Jodie Foster
30%
Judi Dench
30%
Judy Garland
30%
Kate Mara
30%
Krysten Ritter
30%
Michelle Williams
30%
Robin Wright
30%
Rooney Mara
30%
Sophie Turner
30%
Chyler Leigh
27%
Dakota Fanning
27%
Dakota Johnson
27%
Elle Fanning
27%
Eva Green
27%
Frances McDormand
27%
Laura Dern
27%
Lindsay Lohan
27%
Lisa Kudrow
27%
Liv Tyler
27%
Lupita Nyong'o
27%
Maggie Gyllenhaal
27%
Naomi Watts
27%
Olivia Colman
27%
Tilda Swinton
27%
Zoe Saldana
27%
Amanda Seyfried
23%
Bonnie Hunt
23%
Helen Hunt
23%
Hilary Swank
23%
Jessica Lange
23%
Julie Andrews
23%
Kathy Bates
23%
Lili Reinhart
23%
Michelle Yeoh
23%
Pom Klementieff
23%
Rachel Weisz
23%
Sally Field
23%
Sarah Jessica Parker
23%
Sarah Paulson
23%
Sigourney Weaver
23%
Toni Collette
23%
Angela Bassett
20%
Anya Taylor-Joy
20%
Betty White
20%
Brie Larson
20%
Christina Ricci
20%
Eva Mendes
20%
Evangeline Lily
20%
Gemma Chan
20%
Helen Mirren
20%
Jamie Lee Curtis
20%
Jane Lynch
20%
Jenna Ortega
20%
Kerry Washington
20%
Lily Collins
20%
Marisa Tomei
20%
Sadie Sink
20%
Taissa Farmiga
20%
Vera Farmiga
20%
Zoe Kravitz
20%
Alison Brie
17%
America Ferrera
17%
Anna Kendrick
17%
Arden Cho
17%
Camila Mendes
17%
Carey Mulligan
17%
Cher
17%
Daisy Ridley
17%
Elisabeth Moss
17%
Gillian Anderson
17%
Glenn Close
17%
Halle Bailey
17%
Karen Gillan
17%
Katherine Heigl
17%
Marion Cotillard
17%
McKenna Grace
17%
Melissa McCarthy
17%
Mindy Kaling
17%
Nina Dobrev
17%
Octavia David Spencer
17%
Queen Latifah
17%
Rebel Wilson
17%
Simone Ashley
17%
Sofia Vergara
17%
Storm Reid
17%
Sydney Sweeney
17%
Alicia Vikander
13%
Bryce Dallas Howard
13%
Claire Foy
13%
Cobie Smulders
13%
Elizabeth Banks
13%
Ellen Pompeo
13%
Emily Van Camp
13%
Hailee Steinfeld
13%
Hayley Atwell
13%
Kaley Cuoco
13%
Katie Holmes
13%
Lena Headey
13%
Linda Cardellini
13%
Lucy Hale
13%
Mackenzie Foy
13%
Maya Hawke
13%
Michelle Rodriguez
13%
Milla Jovovich
13%
Rebecca Ferguson
13%
Renee Zellweger
13%
Rosamund Pike
13%
Rose Leslie
13%
Alexandra Daddario
10%
Allison Janney
10%
Anna Faris
10%
Carla Gugino
10%
Chloe Grace Moretz
10%
Emma Mackey
10%
Eva Longoria
10%
Hilary Duff
10%
Jennifer Coolidge
10%
Kat Dennings
10%
Kate McKinnon
10%
Kristen Wiig
10%
Lily James
10%
Madelaine Petsch
10%
Margaret Qualley
10%
Michelle Monaghan
10%
Rosario Dawson
10%
Shailene Woodley
10%
Zooey Deschanel
10%
Abigail Breslin
7%
Alexis Bledel
7%
Cara Delevingne
7%
Christina Hendricks
7%
Diane Kruger
7%
Diane Lane
7%
Eiza Gonzalez
7%
Emily Deschanel
7%
Goldie Hawn
7%
Helen McCrory
7%
Idina Menzel
7%
Jane Fonda
7%
Janelle Monae
7%
Julie Walters
7%
Kate Beckinsale
7%
Laura Linney
7%
Mia Wasikowska
7%
Naomie Harris
7%
Olivia Cooke
7%
Olivia Wilde
7%
Phoebe Waller-Bridge
7%
Rene Russo
7%
Sophia Bush
7%
Taraji P. Henson
7%
Alba Baptista
3%
Amandla Stenberg
3%
Bette Midler
3%
Catriona Balfe
3%
Claire Danes
3%
Elizabeth Debicki
3%
Gemma Arterton
3%
Ginnifer Goodwin
3%
Gwendoline Christie
3%
Hunter Schafer
3%
Jennifer Love Hewitt
3%
Jodie Comer
3%
Kate Walsh
3%
Katheryn Winnick
3%
Keke Palmer
3%
Keri Russell
3%
Kim Basinger
3%
Lily Rabe
3%
Natalia Dyer
3%
Natalie Dormer
3%
Phoebe Dynevor
3%
Samara Weaving
3%
Sarah Snook
3%
Tiffany Haddish
3%
Vanessa Kirby
3%
Zoey Deutch
3%
Ali Larter
0%
Anna Paquin
0%
Anya Chalotra
0%
Catherine O'Hara
0%
Christine Baranski
0%
Constance Wu
0%
Cynthia Nixon
0%
Emily Browning
0%
Emmy Rossum
0%
Gina Torres
0%
Hayden Panettiere
0%
Hilarie Burton
0%
Jenny Slate
0%
Joanna Garcia
0%
Judy Greer
0%
Kelly Reilly
0%
Kiernan Shipka
0%
Kim Catrall
0%
Lana Condor
0%
Maitreyi Ramakrishnan
0%
Mariska Hargitay
0%
Mayim Bialik
0%
Melissa Benoist
0%
Michelle Dockery
0%
Miranda Cosgrove
0%
Nicola Coughlan
0%
Piper Perabo
0%
Rachel Brosnahan
0%
Rose Byrne
0%
Victoria Pedretti
0%

Score Distribution

Percentile by Number Answered

Percent of People with Each Score

Your Score History

You have not taken this quiz